00814 a2200385 4500000002100000001000700021005001700028008004100045010000500086020001800091082001600109100002100125110000500146245007700151250000500228260004800233300001000281490000700291500000500298600000500303610000500308611000500313630002400318650000500342651000500347654000500352700002800357710000900385711000500394720000500399730000500404740000500409752000500414856000900419BKB 13708920200902153151.0  a a9781107682573 a551.9bH22C1 aHarnung, Sven E. a1 aChemistry and the environmentcby Sven E. Harnung and Matthew S. Johnson a aCambridgebCambridge University Pressc2012 a427p. av a a a a aEnvironment science a a a aJohnson, Matthen S.bc abc a a a a a adf